| 000 | 00374nam a22001577a 4500 | ||
|---|---|---|---|
| 003 | SGT | ||
| 020 | _a9789332518254 | ||
| 082 | _a658.4030285 TUR | ||
| 100 | _aTURBAN,EFRAIM | ||
| 245 | _aDECISION SUPPORT AND BUSINESS INTELLIGENCE SYSTEMS | ||
| 250 | _a9TH | ||
| 260 |
_aNEW DELHI _bPEARSON _c2014 |
||
| 300 | _a672 | ||
| 650 | _aBUSINESS & MANAGEMENT | ||
| 942 |
_2ddc _cFCM |
||
| 999 |
_c10704 _d10704 |
||